000 00601nam a2200181Ia 4500
008 090123s9999 xx 000 0 und d
082 _b6949
100 _aशेवडे श.वा.
245 _aकरुणा सागर ईश्वरचंद्र
250 _a1
260 _bमेहता प्रकाशन
300 _a37
600 _aशेवडे श.वा.
630 _aकरुणा सागर ईश्वरचंद्र
700 _aशेवडे श.वा.
730 _aकरुणा सागर ईश्वरचंद्र
942 _cBOOK
999 _c45014
_d45014